000 00734nam a2200253 i 4500
001 bg
100 1 _aCabanne, Pierre
245 0 _aSztuka baroku i klasycyzmu /
_cPierre Cabanne ; [tł. Beata Geppert].
260 _aWarszawa :
_bRzeczpospolita :
_bHPS,
_c2007.
300 _a143 s. :
_bil. ;
_c26 cm.
490 1 _aKlasycy Sztuki ;
_v47
534 _pTyt. oryg. :
_tL'Art classique et le baroque.
650 0 _aBarok
_xsztuka
650 0 _aKlasycyzm
_xsztuka
700 1 9 _aGeppert, Beata
_eTł.
830 _aKlasycy Sztuki ;
020 _a9788360688212
040 _cBPK
041 1 _apol
_hfre
080 _a7.034.7+7.035](091)
920 _a978-83-60688-21-2
942 _cKS
008 s pl f |000 0 pol
999 _c53764
_d53764